[Event "1st 4NCL Easter Congress"]
[Site "Stevenage"]
[Date "2019.04.21"]
[Round "4"]
[Board "3"]
[White "Buckley, Graeme N"]
[Black "Wells, Peter K"]
[Result "1/2-1/2"]
[WhiteElo "2332"]
[BlackElo "2416"]
[PlyCount "0"]
[EventDate "2019.04.19"]
[EventRounds "7"]
[EventCountry "ENG"]

1. e4 {[%clk 01:30:58]} c5 {[%clk 01:30:50]} {[%emt 00:00:12]} 2. Nf3 {[%clk
01:31:25]} {[%emt 00:00:02]} Nc6 {[%clk 01:31:15]} {[%emt 00:00:04]} 3. Bb5
{[%clk 01:31:51]} {[%emt 00:00:05]} g6 {[%clk 01:31:18]} {[%emt 00:00:27]} 4.
Bxc6 {[%clk 01:32:14]} {[%emt 00:00:07]} bxc6 {[%clk 01:31:34]} {[%emt
00:00:13]} 5. d3 {[%clk 01:30:01]} {[%emt 00:02:44]} Bg7 {[%clk 01:31:34]}
{[%emt 00:00:29]} 6. O-O {[%clk 01:29:29]} {[%emt 00:01:02]} d6 {[%clk
01:29:05]} {[%emt 00:02:59]} 7. h3 {[%clk 01:29:53]} {[%emt 00:00:07]} e5
{[%clk 01:27:44]} {[%emt 00:01:50]} 8. Nc3 {[%clk 01:23:45]} {[%emt 00:06:38]}
Ne7 {[%clk 01:23:56]} {[%emt 00:04:19]} 9. a3 {[%clk 01:23:46]} {[%emt
00:00:28]} O-O {[%clk 01:20:21]} {[%emt 00:04:06]} 10. b4 {[%clk 01:23:24]}
{[%emt 00:00:52]} cxb4 {[%clk 01:12:58]} {[%emt 00:07:53]} 11. axb4 {[%clk
01:23:51]} {[%emt 00:00:02]} f5 {[%clk 01:13:24]} {[%emt 00:00:03]} 12. Ra3
{[%clk 01:18:07]} {[%emt 00:06:14]} h6 {[%clk 01:11:30]} {[%emt 00:02:24]} 13.
Re1 {[%clk 00:43:42]} {[%emt 00:34:55]} g5 {[%clk 00:54:32]} {[%emt 00:17:28]}
14. exf5 {[%clk 00:42:16]} {[%emt 00:01:56]} Nxf5 {[%clk 00:35:10]} {[%emt
00:19:52]} 15. Ne4 {[%clk 00:42:23]} {[%emt 00:00:23]} Ne7 {[%clk 00:21:35]}
{[%emt 00:14:05]} 16. d4 {[%clk 00:35:46]} {[%emt 00:07:07]} d5 {[%clk
00:19:49]} {[%emt 00:02:16]} 17. Nc5 {[%clk 00:35:39]} {[%emt 00:00:37]} e4
{[%clk 00:19:55]} {[%emt 00:00:24]} 18. Ne5 {[%clk 00:34:15]} {[%emt 00:01:54]}
Nf5 {[%clk 00:16:01]} {[%emt 00:04:24]} 19. f3 {[%clk 00:19:58]} {[%emt
00:14:47]} Nxd4 {[%clk 00:13:19]} {[%emt 00:03:12]} 20. Qxd4 {[%clk 00:19:03]}
{[%emt 00:01:25]} Qc7 {[%clk 00:13:22]} {[%emt 00:00:27]} 21. Bb2 {[%clk
00:10:13]} {[%emt 00:09:19]} Re8 {[%clk 00:13:23]} {[%emt 00:00:29]} 22. Nxe4
{[%clk 00:07:46]} {[%emt 00:02:57]} Rxe5 {[%clk 00:08:26]} {[%emt 00:05:27]} 23.
Nf6+ {[%clk 00:06:07]} {[%emt 00:02:09]} Bxf6 {[%clk 00:08:51]} {[%emt
00:00:05]} 24. Rxe5 {[%clk 00:06:33]} {[%emt 00:00:04]} Bxe5 {[%clk 00:09:08]}
{[%emt 00:00:13]} 25. Qxe5 {[%clk 00:07:00]} {[%emt 00:00:03]} Qxe5 {[%clk
00:09:20]} {[%emt 00:00:18]} 26. Bxe5 {[%clk 00:07:27]} {[%emt 00:00:02]} a6
{[%clk 00:08:03]} {[%emt 00:01:47]} 27. Bd4 {[%clk 00:07:11]} {[%emt 00:00:46]}
Bf5 {[%clk 00:07:28]} {[%emt 00:01:04]} 28. Rc3 {[%clk 00:05:20]} {[%emt
00:02:22]} Rc8 {[%clk 00:06:23]} {[%emt 00:01:35]} 29. Kf2 {[%clk 00:05:08]}
{[%emt 00:00:41]} Kf7 {[%clk 00:06:41]} {[%emt 00:00:13]} 30. Ke3 {[%clk
00:03:22]} {[%emt 00:02:15]} h5 {[%clk 00:03:23]} {[%emt 00:03:48]} 31. g4
{[%clk 00:01:54]} {[%emt 00:01:59]} hxg4 {[%clk 00:03:46]} {[%emt 00:00:07]} 32.
hxg4 {[%clk 00:02:22]} {[%emt 00:00:02]} Bd7 {[%clk 00:04:03]} {[%emt
00:00:13]} 33. Ra3 {[%clk 00:02:41]} {[%emt 00:00:11]} Re8+ {[%clk 00:03:41]}
{[%emt 00:00:52]} 34. Kd2 {[%clk 00:02:56]} {[%emt 00:00:14]} Bc8 {[%clk
00:04:03]} {[%emt 00:00:08]} 35. Ra1 {[%clk 00:02:57]} {[%emt 00:00:29]} Kg6
{[%clk 00:04:05]} {[%emt 00:00:28]} 36. Rh1 {[%clk 00:02:40]} {[%emt 00:00:46]}
Rf8 {[%clk 00:00:46]} {[%emt 00:03:49]} 37. Ke2 {[%clk 00:03:01]} {[%emt
00:00:08]} Be6 {[%clk 00:00:35]} {[%emt 00:00:42]} 38. Rh5 {[%clk 00:01:51]}
{[%emt 00:01:39]} Rf4 {[%clk 00:00:52]} {[%emt 00:00:13]} 39. c3 {[%clk
00:01:12]} {[%emt 00:01:10]} Rxg4 {[%clk 00:01:09]} {[%emt 00:00:13]} 40. Rh2
{[%clk 00:01:16]} {[%emt 00:00:24]} Rh4 {[%clk 00:00:33]} {[%emt 00:01:08]} 41.
Rg2 {[%clk 00:01:31]} {[%emt 00:00:15]} Kf5 {[%clk 00:00:41]} {[%emt 00:00:23]}
42. Be3 {[%clk 00:01:30]} {[%emt 00:00:31]} Rh5 {[%clk 00:00:38]} {[%emt
00:00:33]} 43. Kd3 {[%clk 00:01:44]} {[%emt 00:00:15]} Kf6 {[%clk 00:00:41]}
{[%emt 00:00:28]} 44. Kc2 {[%clk 00:00:59]} {[%emt 00:01:14]} Bf5+ {[%clk
00:00:39]} {[%emt 00:00:32]} 45. Kb3 {[%clk 00:01:15]} {[%emt 00:00:13]} Bd3
{[%clk 00:00:43]} {[%emt 00:00:26]} 46. Ka4 {[%clk 00:01:31]} {[%emt 00:00:14]}
Rh3 {[%clk 00:00:38]} {[%emt 00:00:36]} 47. Bxg5+ {[%clk 00:01:31]} {[%emt
00:00:30]} Kf5 {[%clk 00:01:04]} {[%emt 00:00:04]} 48. Be3 {[%clk 00:01:29]}
{[%emt 00:00:32]} Rxf3 {[%clk 00:01:18]} {[%emt 00:00:17]} 49. Rf2 {[%clk
00:01:53]} {[%emt 00:00:05]} Rxf2 {[%clk 00:00:56]} {[%emt 00:00:52]} 50. Bxf2
{[%clk 00:02:22]} {[%emt 00:00:02]} Ke4 {[%clk 00:00:37]} {[%emt 00:00:17]}
 1/2-1/2

[Event "1st 4NCL Easter Congress"]
[Site "Stevenage"]
[Date "2019.04.21"]
[Round "4"]
[Board "4"]
[White "Eames, Robert S"]
[Black "Derakhshani, Borna"]
[Result "1/2-1/2"]
[WhiteElo "2134"]
[BlackElo "2316"]
[PlyCount "0"]
[EventDate "2019.04.19"]
[EventRounds "7"]
[EventCountry "ENG"]

1. d4 {[%clk 01:30:56]} {[%emt 00:00:04]} Nf6 {[%clk 01:22:37]} {[%emt
00:08:23]} 2. c4 {[%clk 01:31:05]} {[%emt 00:00:21]} g6 {[%clk 01:22:52]}
{[%emt 00:00:15]} 3. Nc3 {[%clk 01:31:11]} {[%emt 00:00:24]} d5 {[%clk
01:23:17]} {[%emt 00:00:05]} 4. Nf3 {[%clk 01:31:27]} {[%emt 00:00:14]} Bg7
{[%clk 01:23:37]} {[%emt 00:00:10]} 5. h4 {[%clk 01:31:30]} {[%emt 00:00:26]}
c6 {[%clk 01:21:33]} {[%emt 00:02:34]} 6. Bg5 {[%clk 01:30:58]} {[%emt
00:01:02]} Ne4 {[%clk 01:18:54]} {[%emt 00:03:10]} 7. e3 {[%clk 01:30:42]}
{[%emt 00:00:46]} Qa5 {[%clk 01:15:08]} {[%emt 00:04:16]} 8. Qb3 {[%clk
01:28:58]} {[%emt 00:02:13]} dxc4 {[%clk 01:10:28]} {[%emt 00:05:10]} 9. Bxc4
{[%clk 01:28:15]} {[%emt 00:01:13]} Nd6 {[%clk 01:10:52]} {[%emt 00:00:06]} 10.
Bd3 {[%clk 01:24:04]} {[%emt 00:04:41]} Be6 {[%clk 01:10:04]} {[%emt 00:01:19]}
11. Qc2 {[%clk 01:23:12]} {[%emt 00:01:22]} Na6 {[%clk 01:07:29]} {[%emt
00:03:05]} 12. Bxa6 {[%clk 01:18:03]} {[%emt 00:05:38]} Qxa6 {[%clk 01:04:35]}
{[%emt 00:03:25]} 13. h5 {[%clk 01:17:49]} {[%emt 00:00:43]} f6 {[%clk
00:50:47]} {[%emt 00:14:19]} 14. h6 {[%clk 01:15:49]} {[%emt 00:02:30]} Bf8
{[%clk 00:51:10]} {[%emt 00:00:07]} 15. Bf4 {[%clk 01:15:54]} {[%emt 00:00:24]}
Qa5 {[%clk 00:36:13]} {[%emt 00:15:27]} 16. O-O-O {[%clk 01:11:42]} {[%emt
00:04:42]} Rc8 {[%clk 00:32:48]} {[%emt 00:03:55]} 17. e4 {[%clk 01:09:49]}
{[%emt 00:02:23]} Nb5 {[%clk 00:31:23]} {[%emt 00:01:56]} 18. a3 {[%clk
01:07:39]} {[%emt 00:02:40]} Nxc3 {[%clk 00:30:44]} {[%emt 00:01:09]} 19. Qxc3
{[%clk 01:07:58]} {[%emt 00:00:11]} Qxc3+ {[%clk 00:31:10]} {[%emt 00:00:04]}
20. bxc3 {[%clk 01:08:19]} {[%emt 00:00:09]} Bb3 {[%clk 00:30:49]} {[%emt
00:00:51]} 21. Rd2 {[%clk 01:05:50]} {[%emt 00:02:59]} b5 {[%clk 00:28:21]}
{[%emt 00:02:58]} 22. Kb2 {[%clk 01:05:15]} {[%emt 00:01:05]} Bc4 {[%clk
00:28:35]} {[%emt 00:00:16]} 23. g4 {[%clk 01:02:21]} {[%emt 00:03:23]} g5
{[%clk 00:28:25]} {[%emt 00:00:41]} 24. Be3 {[%clk 01:01:29]} {[%emt 00:01:22]}
Be6 {[%clk 00:26:07]} {[%emt 00:02:48]} 25. d5 {[%clk 00:57:34]} {[%emt
00:04:24]} Bxg4 {[%clk 00:25:13]} {[%emt 00:01:24]} 26. Nd4 {[%clk 00:57:16]}
{[%emt 00:00:49]} c5 {[%clk 00:21:31]} {[%emt 00:04:13]} 27. Nc6 {[%clk
00:56:12]} {[%emt 00:01:33]} Bf3 {[%clk 00:10:20]} {[%emt 00:11:41]} 28. Re1
{[%clk 00:54:59]} {[%emt 00:01:42]} e5 {[%clk 00:06:30]} {[%emt 00:04:21]} 29.
Nxa7 {[%clk 00:54:25]} {[%emt 00:01:05]} Rb8 {[%clk 00:06:59]} 30. Nc6 {[%clk
00:53:56]} {[%emt 00:00:59]} Rc8 {[%clk 00:07:00]} {[%emt 00:00:29]} 31. Na7
{[%clk 00:50:10]} {[%emt 00:04:16]} Rb8 {[%clk 00:07:09]} {[%emt 00:00:20]} 32.
Nc6 {[%clk 00:43:05]} {[%emt 00:07:35]} Ra8 {[%clk 00:06:02]} {[%emt 00:01:37]}
33. Bxg5 {[%clk 00:38:51]} {[%emt 00:04:44]} fxg5 {[%clk 00:05:40]} {[%emt
00:00:52]} 34. Nxe5 {[%clk 00:39:08]} {[%emt 00:00:13]} Bh5 {[%clk 00:05:43]}
{[%emt 00:00:28]} 35. d6 {[%clk 00:39:20]} {[%emt 00:00:17]} Ra6 {[%clk
00:05:11]} {[%emt 00:01:03]} 36. d7+ {[%clk 00:36:14]} {[%emt 00:03:36]} Kd8
{[%clk 00:05:40]} 37. Rh1 {[%clk 00:33:37]} {[%emt 00:03:06]} Bg6 {[%clk
00:06:10]} {[%emt 00:00:01]} 38. f4 {[%clk 00:32:42]} {[%emt 00:01:25]} Bd6
{[%clk 00:04:32]} {[%emt 00:02:08]} 39. Nxg6 {[%clk 00:31:38]} {[%emt
00:01:34]} hxg6 {[%clk 00:05:01]} 40. fxg5 {[%clk 00:29:45]} {[%emt 00:02:23]}
Be7 {[%clk 00:04:03]} {[%emt 00:01:29]} 41. Rd5 {[%clk 00:29:04]} {[%emt
00:01:11]} Rd6 {[%clk 00:04:32]} {[%emt 00:00:01]} 42. Rhd1 {[%clk 00:29:20]}
{[%emt 00:00:14]} Rxd5 {[%clk 00:04:52]} {[%emt 00:00:10]} 43. Rxd5 {[%clk
00:29:40]} {[%emt 00:00:10]} Rf8 {[%clk 00:05:11]} {[%emt 00:00:11]} 44. c4
{[%clk 00:26:46]} {[%emt 00:03:24]} Rf2+ {[%clk 00:05:40]} {[%emt 00:00:01]} 45.
Kc3 {[%clk 00:25:53]} {[%emt 00:01:23]} Rf3+ {[%clk 00:05:42]} {[%emt
00:00:28]} 46. Kb2 {[%clk 00:23:26]} {[%emt 00:02:58]} Rf2+ {[%clk 00:05:27]}
{[%emt 00:00:45]} 47. Kb3 {[%clk 00:23:04]} {[%emt 00:00:51]} Rf3+ {[%clk
00:05:34]} {[%emt 00:00:24]} 48. Kb2 {[%clk 00:23:23]} {[%emt 00:00:11]} Rf2+
{[%clk 00:02:12]}  1/2-1/2

[Event "1st 4NCL Easter Congress"]
[Site "Stevenage"]
[Date "2019.04.21"]
[Round "4"]
[Board "5"]
[White "Willow, Jonah B"]
[Black "Ratnesan, Ranesh"]
[Result "1-0"]
[WhiteElo "2302"]
[BlackElo "2116"]
[PlyCount "0"]
[EventDate "2019.04.19"]
[EventRounds "7"]
[EventCountry "ENG"]

1. e4 {[%clk 01:30:58]} {[%emt 00:00:02]} c5 {[%clk 01:30:53]} {[%emt
00:00:07]} 2. Nf3 {[%clk 01:31:23]} {[%emt 00:00:04]} d6 {[%clk 01:31:14]}
{[%emt 00:00:09]} 3. d4 {[%clk 01:31:49]} {[%emt 00:00:05]} cxd4 {[%clk
01:31:35]} {[%emt 00:00:08]} 4. Qxd4 {[%clk 01:32:10]} {[%emt 00:00:09]} Nc6
{[%clk 01:31:50]} {[%emt 00:00:15]} 5. Bb5 {[%clk 01:32:36]} {[%emt 00:00:04]}
Bd7 {[%clk 01:32:07]} {[%emt 00:00:11]} 6. Bxc6 {[%clk 01:33:01]} {[%emt
00:00:06]} Bxc6 {[%clk 01:32:24]} {[%emt 00:00:13]} 7. Nc3 {[%clk 01:33:26]}
{[%emt 00:00:05]} h6 {[%clk 01:32:22]} {[%emt 00:00:33]} 8. Qd3 {[%clk
01:26:19]} {[%emt 00:07:37]} e5 {[%clk 01:31:40]} {[%emt 00:01:11]} 9. Nd2
{[%clk 01:23:19]} {[%emt 00:03:30]} Nf6 {[%clk 01:30:40]} {[%emt 00:01:30]} 10.
Nc4 {[%clk 01:22:23]} {[%emt 00:01:26]} Be7 {[%clk 01:30:12]} {[%emt 00:00:58]}
11. Ne3 {[%clk 01:22:33]} {[%emt 00:00:20]} O-O {[%clk 01:29:27]} {[%emt
00:01:15]} 12. O-O {[%clk 01:22:15]} {[%emt 00:00:48]} Re8 {[%clk 01:26:23]}
{[%emt 00:03:35]} 13. Rd1 {[%clk 01:21:47]} {[%emt 00:00:58]} Bf8 {[%clk
01:16:15]} {[%emt 00:10:37]} 14. Nf5 {[%clk 01:13:09]} {[%emt 00:09:09]} Qd7
{[%clk 01:12:46]} {[%emt 00:03:59]} 15. Qg3 {[%clk 01:00:44]} {[%emt 00:12:54]}
Kh8 {[%clk 01:08:14]} {[%emt 00:05:01]} 16. f3 {[%clk 00:53:37]} {[%emt
00:07:37]} Re6 {[%clk 01:00:48]} {[%emt 00:07:57]} 17. Be3 {[%clk 00:51:49]}
{[%emt 00:02:17]} b6 {[%clk 00:56:58]} {[%emt 00:04:20]} 18. Rd2 {[%clk
00:51:30]} {[%emt 00:00:49]} Rd8 {[%clk 00:56:49]} {[%emt 00:00:38]} 19. Rad1
{[%clk 00:51:08]} {[%emt 00:00:53]} Qc7 {[%clk 00:56:42]} {[%emt 00:00:37]} 20.
Qh4 {[%clk 00:50:21]} {[%emt 00:01:16]} Kg8 {[%clk 00:46:56]} {[%emt 00:10:17]}
21. Nd5 {[%clk 00:48:20]} {[%emt 00:02:32]} Bxd5 {[%clk 00:39:24]} {[%emt
00:08:01]} 22. exd5 {[%clk 00:48:38]} {[%emt 00:00:12]} Ree8 {[%clk 00:39:35]}
{[%emt 00:00:19]} 23. Bxh6 {[%clk 00:44:39]} {[%emt 00:04:29]} Nh7 {[%clk
00:35:32]} {[%emt 00:04:34]} 24. Qg4 {[%clk 00:41:14]} {[%emt 00:03:55]} g6
{[%clk 00:34:14]} {[%emt 00:01:47]} 25. Bxf8 {[%clk 00:39:27]} {[%emt
00:02:17]} Rxf8 {[%clk 00:34:21]} {[%emt 00:00:23]} 26. h4 {[%clk 00:36:03]}
{[%emt 00:03:54]} Kh8 {[%clk 00:31:44]} {[%emt 00:03:08]} 27. Ng3 {[%clk
00:35:53]} {[%emt 00:00:40]} f5 {[%clk 00:30:55]} {[%emt 00:01:18]} 28. Qh3
{[%clk 00:31:48]} {[%emt 00:04:35]} Qf7 {[%clk 00:30:08]} {[%emt 00:01:17]} 29.
Ne2 {[%clk 00:29:23]} {[%emt 00:02:55]} Nf6 {[%clk 00:28:30]} {[%emt 00:02:08]}
30. Qg3 {[%clk 00:27:43]} {[%emt 00:02:10]} Kg7 {[%clk 00:26:52]} {[%emt
00:02:07]} 31. Qg5 {[%clk 00:23:32]} {[%emt 00:04:41]} Nh7 {[%clk 00:23:11]}
{[%emt 00:04:11]} 32. Qe3 {[%clk 00:23:30]} {[%emt 00:00:32]} Nf6 {[%clk
00:22:46]} {[%emt 00:00:55]} 33. g3 {[%clk 00:21:16]} {[%emt 00:02:43]} Rc8
{[%clk 00:22:14]} {[%emt 00:01:02]} 34. Nc3 {[%clk 00:20:31]} {[%emt 00:01:15]}
Rh8 {[%clk 00:20:58]} {[%emt 00:01:46]} 35. Kg2 {[%clk 00:20:04]} {[%emt
00:00:57]} Rh5 {[%clk 00:17:50]} {[%emt 00:03:38]} 36. Rh1 {[%clk 00:18:09]}
{[%emt 00:02:26]} Rch8 {[%clk 00:16:21]} {[%emt 00:01:59]} 37. Rdd1 {[%clk
00:18:19]} {[%emt 00:00:19]} Nd7 {[%clk 00:15:59]} {[%emt 00:00:52]} 38. Nb5
{[%clk 00:17:46]} {[%emt 00:01:03]} f4 {[%clk 00:13:39]} {[%emt 00:02:50]} 39.
Qf2 {[%clk 00:16:47]} {[%emt 00:01:30]} fxg3 {[%clk 00:13:39]} {[%emt
00:00:31]} 40. Qxg3 {[%clk 00:17:01]} {[%emt 00:00:16]} Qf6 {[%clk 00:13:04]}
{[%emt 00:01:05]} 41. Nc7 {[%clk 00:17:12]} {[%emt 00:00:20]} Nc5 {[%clk
00:11:58]} {[%emt 00:01:36]} 42. b4 {[%clk 00:16:28]} {[%emt 00:01:14]} Na4
{[%clk 00:11:20]} {[%emt 00:01:08]} 43. Ne6+ {[%clk 00:16:33]} {[%emt
00:00:24]} Kh7 {[%clk 00:11:09]} {[%emt 00:00:40]} 44. Ng5+ {[%clk 00:16:22]}
{[%emt 00:00:41]} Kg7 {[%clk 00:11:24]} {[%emt 00:00:15]} 45. Qg4 {[%clk
00:16:27]} {[%emt 00:00:25]} Qf5 {[%clk 00:10:52]} {[%emt 00:01:02]} 46. Ne4
{[%clk 00:14:55]} {[%emt 00:02:02]} Qxg4+ {[%clk 00:09:31]} {[%emt 00:01:52]}
47. fxg4 {[%clk 00:15:22]} {[%emt 00:00:04]} Rxh4 {[%clk 00:09:51]} {[%emt
00:00:09]} 48. Rxh4 {[%clk 00:15:34]} {[%emt 00:00:18]} Rxh4 {[%clk 00:10:14]}
{[%emt 00:00:06]} 49. Kg3 {[%clk 00:15:59]} {[%emt 00:00:06]} Rh8 {[%clk
00:10:29]} {[%emt 00:00:15]} 50. Nxd6 {[%clk 00:16:07]} {[%emt 00:00:22]} Nc3
{[%clk 00:10:30]} {[%emt 00:00:29]} 51. Rd3 {[%clk 00:14:46]} {[%emt 00:01:51]}
Nxa2 {[%clk 00:07:22]} {[%emt 00:03:39]} 52. Ra3 {[%clk 00:11:25]} {[%emt
00:03:50]} Nxb4 {[%clk 00:06:41]} {[%emt 00:01:10]} 53. Rxa7+ {[%clk 00:11:48]}
{[%emt 00:00:07]} Kg8 {[%clk 00:06:57]} {[%emt 00:00:14]} 54. Ra8+ {[%clk
00:10:12]} {[%emt 00:02:07]} Kg7 {[%clk 00:06:49]} {[%emt 00:00:38]} 55. Ne8+
{[%clk 00:09:31]} {[%emt 00:01:10]} Kf8 {[%clk 00:06:24]} {[%emt 00:00:56]} 56.
Nc7+ {[%clk 00:09:10]} {[%emt 00:00:51]} Kg7 {[%clk 00:06:46]} {[%emt
00:00:08]} 57. Ne6+ {[%clk 00:09:12]} {[%emt 00:00:29]} Kh7 {[%clk 00:07:06]}
{[%emt 00:00:09]} 58. Rxh8+ {[%clk 00:09:37]} {[%emt 00:00:05]} Kxh8 {[%clk
00:07:24]} {[%emt 00:00:12]} 59. d6 {[%clk 00:10:05]} {[%emt 00:00:03]}  1-0

[Event "1st 4NCL Easter Congress"]
[Site "Stevenage"]
[Date "2019.04.21"]
[Round "4"]
[Board "6"]
[White "Brett, Andrew R"]
[Black "Richardson, John R"]
[Result "1/2-1/2"]
[WhiteElo "2114"]
[BlackElo "2243"]
[PlyCount "0"]
[EventDate "2019.04.19"]
[EventRounds "7"]
[EventCountry "ENG"]

1. c4 {[%clk 01:30:56]} {[%emt 00:00:02]} Nf6 {[%clk 01:30:57]} {[%emt
00:00:04]} 2. Nc3 {[%clk 01:31:19]} {[%emt 00:00:05]} e6 {[%clk 01:31:25]}
{[%emt 00:00:04]} 3. e4 {[%clk 01:31:40]} {[%emt 00:00:08]} c5 {[%emt
00:00:18]} 4. e5 {[%clk 01:31:15]} {[%emt 00:00:53]} Ng8 {[%clk 01:32:07]}
{[%emt 00:00:02]} 5. Nf3 {[%clk 01:31:29]} {[%emt 00:00:15]} Nc6 {[%clk
01:32:28]} {[%emt 00:00:10]} 6. d4 {[%clk 01:31:04]} {[%emt 00:00:55]} cxd4
{[%clk 01:32:55]} {[%emt 00:00:04]} 7. Nxd4 {[%clk 01:31:29]} {[%emt 00:00:04]}
Nxe5 {[%clk 01:33:20]} 8. Ndb5 {[%clk 01:31:29]} a6 {[%clk 01:33:20]} 9. Nd6+
{[%clk 01:31:29]} Bxd6 {[%clk 01:33:20]} 10. Qxd6 {[%clk 01:32:33]} {[%emt
00:02:59]} f6 {[%clk 01:32:20]} 11. Be3 {[%clk 01:32:07]} {[%emt 00:00:57]} Ne7
{[%clk 01:32:18]} 12. Bb6 {[%clk 01:31:01]} {[%emt 00:02:08]} Nf5 {[%clk
01:31:52]} 13. Qb4 {[%clk 01:30:01]} {[%emt 00:02:25]} Nc6 {[%clk 01:30:40]} 14.
Qc5 {[%clk 01:26:07]} {[%emt 00:06:09]} Qe7 {[%clk 01:29:17]} 15. O-O-O {[%clk
01:22:26]} {[%emt 00:06:02]} d6 {[%clk 01:10:12]} 16. Qa3 {[%clk 01:22:38]}
{[%emt 00:19:54]} O-O {[%clk 01:09:54]} 17. Bd3 {[%clk 01:16:43]} {[%emt
00:07:13]} Ne5 {[%clk 01:08:04]} 18. Bxf5 {[%clk 01:16:43]} Nxc4 {[%clk
01:08:04]} 19. Qb3 {[%clk 01:16:43]} Nxb6 {[%clk 01:08:04]} 20. Qxb6 {[%clk
01:15:41]} {[%emt 00:07:53]} exf5 {[%clk 00:58:27]} {[%emt 00:00:18]} 21. Rhe1
Qf7 {[%emt 00:14:35]} 22. Rxd6 {[%clk 01:08:30]} {[%emt 00:01:54]} f4 {[%clk
00:58:00]} {[%emt 00:00:57]} 23. Nd5 {[%clk 00:48:42]} Bg4 {[%clk 00:56:30]}
{[%emt 00:22:18]} 24. f3 {[%clk 00:48:36]} Rac8+ {[%clk 00:55:17]} {[%emt
00:02:20]} 25. Kd2 {[%clk 00:47:32]} Kh8 {[%clk 00:47:00]} {[%emt 00:10:21]} 26.
fxg4 {[%clk 00:45:25]} Qg6 {[%clk 00:41:24]} {[%emt 00:08:42]} 27. Nc3 {[%clk
00:43:40]} {[%emt 00:02:16]} Qxg4 {[%clk 00:41:51]} {[%emt 00:00:03]} 28. Re2
{[%clk 00:34:31]} {[%emt 00:09:38]} Qh5 {[%clk 00:36:33]} 29. Kd1 {[%clk
00:27:37]} {[%emt 00:13:12]} Qf5 {[%clk 00:29:00]} 30. h3 {[%clk 00:24:00]}
{[%emt 00:12:10]} f3 {[%clk 00:29:00]} 31. gxf3 {[%clk 00:24:03]} {[%emt
00:00:57]} Qxf3 {[%emt 00:00:12]} 32. Qe3 {[%clk 00:24:02]} {[%emt 00:00:30]}
Qf1+ {[%clk 00:27:55]} {[%emt 00:03:11]} 33. Re1 {[%clk 00:23:31]} Qg2 {[%clk
00:28:22]} {[%emt 00:00:47]} 34. Rd2 {[%clk 00:20:49]} {[%emt 00:03:12]} Qg6
{[%clk 00:28:48]} {[%emt 00:00:05]} 35. Qe4 {[%clk 00:14:05]} {[%emt 00:07:13]}
Qh5+ {[%clk 00:28:21]} 36. Qg4 {[%clk 00:14:05]} Qf7 {[%clk 00:24:09]} {[%emt
00:06:24]} 37. Rde2 {[%clk 00:09:34]} {[%emt 00:04:45]} f5 {[%clk 00:20:04]} 38.
Qf4 {[%clk 00:09:51]} {[%emt 00:04:48]} b5 {[%clk 00:13:22]} 39. Rd2 {[%clk
00:05:56]} {[%emt 00:11:37]} Qh5+ {[%clk 00:05:18]} 40. Ree2 {[%clk 00:04:53]}
{[%emt 00:10:07]} Qxh3 {[%clk 00:03:36]} 41. Rh2 {[%clk 00:04:29]} {[%emt
00:03:06]} Qg4+ {[%clk 00:04:05]} 42. Qxg4 {[%clk 00:04:46]} {[%emt 00:00:15]}
fxg4 {[%clk 00:04:34]} {[%emt 00:00:01]} 43. Rd4 {[%clk 00:04:53]} {[%emt
00:00:22]} Rcd8 {[%clk 00:04:02]} {[%emt 00:01:02]} 44. Rxd8 {[%clk 00:05:09]}
{[%emt 00:00:14]} Rxd8+ {[%clk 00:04:32]} 45. Ke2 {[%clk 00:05:04]} {[%emt
00:00:35]} g6 {[%clk 00:04:58]} {[%emt 00:00:04]} 46. Ke3 {[%clk 00:05:16]}
{[%emt 00:00:17]} Kg7 {[%clk 00:04:46]} {[%emt 00:00:43]} 47. Ne4 {[%clk
00:05:10]} {[%emt 00:00:36]} h5 {[%clk 00:05:01]} {[%emt 00:00:16]} 48. Rc2
{[%emt 00:02:44]} Rd1 {[%emt 00:02:21]} 49. Kf4 {[%clk 00:02:21]} {[%emt
00:00:07]} Kh6 {[%emt 00:00:21]} 50. Nf2 {[%clk 00:02:28]} {[%emt 00:00:18]}
Rd6 {[%emt 00:02:01]} 51. Ne4 {[%clk 00:02:18]} {[%emt 00:00:09]} Rd3 {[%clk
00:03:32]} {[%emt 00:00:19]} 52. Rf2 {[%emt 00:03:29]} g3 {[%emt 00:00:27]} 53.
Rg2 {[%emt 00:00:06]}  1/2-1/2